| 000 | nam a22 a 4500 | ||
|---|---|---|---|
| 999 |
_c1274 _d1274 |
||
| 003 | AKMAL | ||
| 005 | 20170509090046.0 | ||
| 008 | 170509s1995 my 00 may d | ||
| 020 |
_a9830770222 (kkt.): _cTanpa harga |
||
| 040 | _aAKMAL | ||
| 082 | 0 | 4 | _a297.63 ZUL |
| 090 |
_a297.63 _bZUL |
||
| 245 | 0 | 0 |
_aMaulud berzanji dan daiba'i / _csusunan Zulkifli Mat Isa |
| 260 |
_aJohor Bahru : _bPerniagaan Jahabersa, _c1995 |
||
| 300 |
_a110, 99ms. ; _c21cm |
||
| 500 | _aTeks dalam bahasa Melayu dan Arab | ||
| 650 |
_aMawlid al-Nabi _92523 |
||
| 650 |
_aIslam _xRituals _92430 |
||
| 700 | 0 |
_aZulkifli Mat Isa _92524 |
|
| 942 |
_2ddc _cBOOK |
||